Bộ luật tố tụng dân sự và văn bản mới nhất hướng dẫn thi hành

Nội dung cuốn sách bao gồm: Phần I. Qui định chung, Phần II. Văn bản hướng dẫn thi hành Bộ luật tố tụng dân sự, Phần 3. Văn bản hướng dẫn về giao thẩm quyền giải quyết các vụ việc dân sự.

Сохранить в:
Библиографические подробности
Корпоративные авторы: Việt Nam (Cộng hòa xã hội chủ nghĩa), Quốc hội
Формат:
Язык:Undetermined
Опубликовано: Thành phố Hồ Chí Minh Hồng Đức 2012
Предметы:
Метки: Добавить метку
Нет меток, Требуется 1-ая метка записи!
Thư viện lưu trữ: Trung tâm Học liệu Trường Đại học Cần Thơ
LEADER 01098nam a2200217Ia 4500
001 CTU_180793
008 210402s9999 xx 000 0 und d
020 |c 85000 
082 |a 347.59705 
082 |b V308 
110 |a Việt Nam (Cộng hòa xã hội chủ nghĩa) 
110 |b Quốc hội 
245 0 |a Bộ luật tố tụng dân sự và văn bản mới nhất hướng dẫn thi hành 
245 0 |c Việt Nam (Cộng hòa xã hội chủ nghĩa). Quốc hội 
260 |a Thành phố Hồ Chí Minh 
260 |b Hồng Đức 
260 |c 2012 
520 |a Nội dung cuốn sách bao gồm: Phần I. Qui định chung, Phần II. Văn bản hướng dẫn thi hành Bộ luật tố tụng dân sự, Phần 3. Văn bản hướng dẫn về giao thẩm quyền giải quyết các vụ việc dân sự. 
650 |a Civil procedure,Thủ tục dân sự 
904 |i Thanh Khuyen-Quynh Tho-Kim Sa 
980 |a Trung tâm Học liệu Trường Đại học Cần Thơ